Consensus and peace /

Bibliographic Details
Corporate Authors: Unesco. Division of Human Rights and Peace, Norway. Norske nasjonalkommisjon for UNESCO
Other Authors: M'Bow, Amadou Mahtar, 1921-, Beseat Kiflé Sélassié
Format: Book
Language:English
French
Published: Paris : Unesco, 1980.
Subjects:

MARC

Tag First Indicator Second Indicator Subfields
LEADER 00000cam a2200000 a 4500
001 in00000073999
005 20151008060128.0
008 820102s1980 fr b i10000 eng
010 |a  81160869  
015 |a F*** 
020 |a 9231018515 (pbk.) 
035 |a (OCoLC)07309223 
035 |9 AAJ5158AM 
039 0 |a 2  |b 3  |c 3  |d 3  |e 3 
040 |a DLC  |c DLC  |d TXA  |d UtOrBLW 
041 1 |a eng  |a fre 
049 |a TXAM  |c [933230] 
050 0 0 |a JX1931  |b  1980 
082 0 |a 327.1/72  |2 19 
245 0 0 |a Consensus and peace /  |c Amadou-Mahtar M'Bow [and others] ; edited by Beseat Kifle Selassie. 
264 1 |a Paris :  |b Unesco,  |c 1980. 
300 |a 231 pages ;  |c 21 cm. 
336 |a text  |b txt  |2 rdacontent 
337 |a unmediated  |b n  |2 rdamedia 
338 |a volume  |b nc  |2 rdacarrier 
500 |a Papers presented at a conference on consensus sponsored by the Division of Human Rights and Peace of Unesco and the Norwegian Commission for Unesco, held in Oslo from March 31 to April 2, 1980. 
504 |a Includes bibliographical references. 
650 0 |a Peace  |v Congresses. 
650 0 |a Consensus (Social sciences)  |x Congresses. 
700 1 |a M'Bow, Amadou Mahtar,  |d 1921- 
700 0 |a Beseat Kiflé Sélassié. 
710 2 |a Unesco.  |b Division of Human Rights and Peace. 
710 1 |a Norway.  |b Norske nasjonalkommisjon for UNESCO. 
999 |a MARS 
999 f f |s b160e7f9-031b-3c03-88f8-477b2524deba  |i 4666cdb9-d06b-38f2-b16a-8659ae99f6f4  |t 0 
952 f f |p ric  |a Texas A&M University  |b Rellis Campus  |c Joint Library Facility  |d Remote Storage  |t 0  |e JX1931 1980  |h Library of Congress classification  |i unmediated -- volume  |m A14806153010 
998 f f |a JX1931 1980  |t 0  |l Remote Storage